LEADER 02036nam a2200421 u 4500 001 000000041333 003 CaOOAMICUS 005 20070226114213.0 008 981222s1997 it u000 u ita u 020 $a8842051861 [1 v.] 020 $a884205187X [2 v.] 020 $a8842051888 [3 v.] 035 $a10811146 040 $aMSA$bita 041 0 $aita$hger 100 1 $aBrentano, Franz Clemens,$d1838-1917.$0(OLS)http://pul/name/10539 240 10$aPsychologie vom empirischen Standpunkt.$litaliano.$0(OLS)http://pul/title/55786 245 13$aLa psicologia dal punto di vista empirico /$cFranz Brentano ; a cura di Liliana Albertazzi. 260 $aRoma :$bLaterza,$c1997. 300 $a3 v. ;$c21 cm 490 1 $aBiblioteca universale (Laterza) ;$v464-465-466 505 2 $av. 2.La classificazione dei fenomeni psichici. -- v. 3.Coscienza sensibile e coscienza noetica. 650 4$aPsicologia sperimentale.$0(OLS)http://pul/subject/4635 700 1 $aAlbertazzi, Liliana.$0(OLS)http://pul/name/30434 830 0$aBiblioteca universale (Laterza) ;$v464-465-466.$0(OLS)http://pul/title/51 850 $aPUL 852 $aPUL$W1$xSL Filosofia 1$y2$m96 G 76-78$j56036$nBK-PRI$b $qStampati$B56036$CPULBib$Z2$F56036 $H $81 852 $aPUL$W1$xSL Filosofia 1$y2$m96 G 76-78$j56036$nBK-PRI$b $qStampati$B56037$CPULBib$Z2$F56037 $H $81 852 $aPUL$W1$xSL Filosofia 1$y2$m96 G 76-78$j56036$nBK-PRI$qStampati$q $B56038$CPULBib$Z2$F56038 $H $81 941 1 $a8 961 $aINV: 80935-7 961 $aINV: 80935-7 961 $aINV: 80935-7 996 $6020$a8842051861 [1 v.]$9(OLS)http://pul/number/51521 996 $6020$a884205187X [2 v.]$9(OLS)http://pul/number/51522 996 $6020$a8842051888 [3 v.]$9(OLS)http://pul/number/51523 996 $6245$aLa psicologia dal punto di vista empirico$9(OLS)http://pul/title/55787 996 $6260$aRoma :$bLaterza$9(OLS)http://pul/publisher/47864 LEADER 01277nam a2200313 a 4500 001 000000126972 003 CaOOAMICUS 005 20150622122524.0 008 111111s2011 it ad u000 u ita r 040 $aPUL$bita 041 1 $aita$hger 082 04$a150 100 1 $aFreud, Sigmund,$d1856-1939.$0(OLS)http://pul/name/1881 240 10$aTraumdeutung.$lItaliano.$0(OLS)http://pul/title/79827 245 12$aL'interpretazione dei sogni /$cSigmund Freud. 250 $aEd. integrale. 260 $aMilano :$bIl Sole 24 ore,$cİ2011$aRoma :$bNewton Compton Editori 300 $a477 p. :$bill., graf. ;$c22 cm 490 1 $aTutto Freud ;$v1 650 4$aSogni (psicologia)$xInterpretazione.$0(OLS)http://pul/subject/7268 830 0$aTutto Freud ;$v1.$0(OLS)http://pul/title/160403 850 $aPUL 852 $aPUL$W1$xDP2 Filosofia 3$y112$m150 COLL 5.1$j146821$qDDC 21$B145516$CPULBib$Z2$F145516 $H118425 $82 941 1 $a9 996 $6082$a150$9(OLS)http://pul/classification/361 996 $6245$aL'interpretazione dei sogni$9(OLS)http://pul/title/160402 996 $6260$aMilano :$bIl Sole 24 ore$9(OLS)http://pul/publisher/69212 996 $6260$aRoma :$bNewton Compton Editori$9(OLS)http://pul/publisher/68839